Hodnotenie kvality zvarových spojov vyhotovených trecím zváraním s premiešaním

Gespeichert in:
Bibliographische Detailangaben
1. Verfasser: Steinecker, Peter (Verfasst von)
Weitere Verfasser: Bártová, Katarína (Betreuung Doktorarbeit)
Format: Manuskript Buch
Sprache:Slowakisch
Veröffentlicht: 2023
Schlagworte:
Online-Zugang:http://is.stuba.sk/zp/portal_zp.pl?podrobnosti=170740
Tags: Tag hinzufügen
Keine Tags, Fügen Sie das erste Tag hinzu!

MARC

LEADER 00000ntm a22000003a 4500
001 stuzp93834
003 SK-STU
005 20230909220218.2
007 ta
008 150427s2015----xo-----f-mn---000-0-slo-d
040 |a STU  |b slo 
041 0 |a slo 
100 1 |a Steinecker, Peter  |u 061000  |4 aut  |U MTF Materiálovotechnologická fakulta  |T MTF Ústav materiálov  |X 55506  |U M1000  |Y 81  |7 55506 
242 0 1 |a Evaluation of welded joints quality produced by friction stir welding  |y eng 
245 1 0 |a Hodnotenie kvality zvarových spojov vyhotovených trecím zváraním s premiešaním 
260 |c 2023 
650 4 |a hliníková zliatina AA 7075  |2 slo 
650 4 |a mechanické vlastnosti  |2 slo 
650 4 |a mikroštruktúra zvarového spoja  |2 slo 
650 4 |a riadkovacia elektrónová mikroskopia  |2 slo 
650 4 |a trecie zváranie s premiešaním  |2 slo 
650 4 |a friction stir welding  |2 eng 
650 4 |a aluminium alloy AA 7075  |2 eng 
650 4 |a mechanical properties  |2 eng 
650 4 |a weld microstructure  |2 eng 
650 4 |a scanning electron microscopy  |2 eng 
700 1 |a Bártová, Katarína  |u 061000  |k Z1  |4 ths  |U MTF Materiálovotechnologická fakulta  |T MTF Ústav materiálov  |X 29343  |U M1000  |Y 81  |7 A000029343 
856 4 |u http://is.stuba.sk/zp/portal_zp.pl?podrobnosti=170740 
996 |c M* DP-15242  |l M  |s P  |a 0  |w stuzp93834_0001